| 000 | 00928nam a2200229 a 4500 | ||
|---|---|---|---|
| 999 |
_c1926 _d1926 |
||
| 007 | ta | ||
| 008 | 800401t1977 xxk g i100 0 eng d | ||
| 020 | _a9280110640 | ||
| 040 |
_aKO _beng |
||
| 041 | 0 | _aeng | |
| 044 | _axxk | ||
| 082 | 0 | 0 |
_223 _a341.762 _bIn815 |
| 111 | 2 |
_aInternational Conference on Safety of Fishing Vessels _d(1977 : _cLondon, England) |
|
| 245 | 1 | 0 |
_aInternational Conference on Safety of Fishing Vessels, 1977 : _bfinal act of the conference, with attachments, including the Torremolinos International Convention for the Safety of Fishing Vessels, 1977 / _cInter-Governmental Maritime Consultative Organization |
| 260 |
_aLondon : _bInter-Governmental Maritime Consultative Organization, _c1977. |
||
| 300 |
_aiv, 204 p. ; _c24 cm. |
||
| 650 | 0 |
_aFishing boats _xSafety measures |
|
| 710 | 2 | _aInter-Governmental Maritime Consultative Organization | |
| 904 | _aA_BOSE | ||
| 942 |
_2ddc _cBK |
||